| 000 | 00000nam##2200000za#4500 |
| 001 | 9.695418 |
| 003 | CaOODSP |
| 005 | 20210624234552 |
| 007 | cr ||||||||||| |
| 008 | 150407|1999||||xxc|||||o f|0| 0 eng|d |
| 040 | |aCaOODSP|beng |
| 043 | |an-cn--- |
| 086 | 1 |aH49-125/1999E-PDF |
| 110 | 1 |aCanada. |bHealth Canada. |
| 245 | 10|aWomen's health surveillance : |h[electronic resource]|ba plan of action for Health Canada : a report from the Advisory Committee on Women's Health Surveillance |
| 260 | |aOttawa - Ontario : |bHealth Canada |cc1999. |
| 300 | |a102p.|bfig., glossary, graph, references, table |
| 500 | |aThe catalogue number (H49-125/1999) and ISBN (0-662-64616-9) for the bilingual print edition have been incorrectly copied in this electronic publication. |
| 504 | |aBibliography. |
| 590 | |a12-15-Supp|b2012-04-13 |
| 690 | 07|aHealth|2gcpds |
| 690 | 07|aHealth promotion|2gcpds |
| 690 | 07|aWomen|2gcpds |
| 775 | 08|tLa surveillance de la santé des femmes : |w(CaOODSP)9.639556 |
| 776 | 0#|tWomen's health surveillance: a plan of action for Health Canada : |w(CaOODSP)9.661455 |
| 776 | 0#|tLa surveillance de la santé des femmes: un plan d'action pour Santé Canada : |w(CaOODSP)9.661456 |
| 856 | 40|ahttp://publications.gc.ca|qPDF|s681 KB|uhttps://publications.gc.ca/collections/Collection/H49-125-1999E.pdf |